[Event "Bad Pyrmont Pape op-B 2nd"]
[Site "Bad Pyrmont"]
[Date "2023.08.10"]
[Round "1"]
[White "Stiller, Bjoern"]
[Black "Lueders Vega, Iago Ernst"]
[Result "0-1"]
[WhiteElo "1657"]
[BlackElo "1321"]
[PlyCount "110"]
[EventDate "2023.08.10"]
[EventType "swiss"]
[EventCountry "GER"]
[SourceTitle "EXT 2024"]
[Source "ChessBase"]
[SourceDate "2023.10.10"]
[SourceVersion "1"]
[SourceVersionDate "2023.10.10"]
[SourceQuality "1"]

1. e4 e5 2. Nf3 Nc6 3. d4 exd4 4. Nxd4 d6 5. Nc3 Nf6 6. f3 Be6 7. Bb5 Qd7 8. Be3 a6 9. Nxe6 fxe6 10. Be2 0-0-0 11. g4 h6 12. h4 e5 13. Qd2 Be7 14. 0-0-0 Rhf8 15. Nd5 Qe6 16. Qc3 Qd7 17. Kb1 Kb8 18. Bf2 Nxg4 19. Bg3 Nf6 20. Nxe7 Nxe7 21. Bxe5 Ng6 22. Bd4 Nf4 23. Bc4 d5 24. Bxf6 Rxf6 25. exd5 c6 26. Qb3 cxd5 27. Rd4 Kc8 28. Rhd1 Qe6 29. a4 Kc7 30. Bf1 Rd6 31. a5 Ng6 32. Rb4 Qc8 33. Rxd5 Rxd5 34. Qxd5 Rd6 35. Rc4+ Rc6 36. Rxc6+ bxc6 37. Qf7+ Qd7 38. Qxg6 Qd1+ 39. Ka2 Qxf1 40. Qxg7+ Kd8 41. Qf6+ Kd7 42. Qd4+ Kc7 43. f4 Qe2 44. f5 Qxc2 45. f6 c5 46. Qe5+ Kc8 47. Qe6+ Kd8 48. Qe7+ Kc8 49. Qe6+ Kd8 50. Qb3 Qd2 51. Qb6+ Kd7 52. Qxa6 Qd5+ 53. Ka3 Qf3+ 54. b3 Qc3 55. Ka4 Qb4# 0-1

[Event "Pontevedra op-B 10th"]
[Site "Pontevedra"]
[Date "2022.07.25"]
[Round "2.20"]
[White "Fernandez Garcia, Lino"]
[Black "Lueders Vega, Iago Ernst"]
[Result "0-1"]
[WhiteElo "1032"]
[BlackElo "1424"]
[PlyCount "30"]
[EventDate "2022.07.24"]
[EventType "swiss"]
[EventRounds "9"]
[EventCountry "ESP"]
[SourceTitle "EXT 2023"]
[Source "ChessBase"]
[SourceDate "2022.10.05"]
[SourceVersion "1"]
[SourceVersionDate "2022.10.05"]
[SourceQuality "1"]

1. d4 d5 2. c4 e6 3. Nc3 c5 4. dxc5 Bxc5 5. cxd5 exd5 6. Qxd5 Qb6 7. Qe5+ Be6 8. Qxg7 Bxf2+ 9. Kd1 Bd4 10. Qg3 Nc6 11. Nf3 Rd8 12. Nxd4 Nxd4 13. Bd2 Nxe2 14. Bxe2 Qxb2 15. Rb1 Qxd2# 0-1